| 000 | 04234nam a2200505Ia 4500 | ||
|---|---|---|---|
| 001 | dia_6756 | ||
| 003 | CHAP | ||
| 005 | 20240619184419.0 | ||
| 007 | ta | ||
| 008 | 220601s2017 mx abdofrm 001 0 spa d | ||
| 040 |
_amxchpua _cCHAP _erda |
||
| 041 | 0 |
_aspa _beng |
|
| 090 |
_aTesis _bC37 _c2017 |
||
| 100 | 1 | _aCastillo Herrera, María de los Ángeles | |
| 240 | 1 | 0 |
_aImplementation of technological packages for the improvement of the production of barley maltera in the municipality of Villa de Arriaga, S.L.P. _lEspañol |
| 245 | 1 | 0 |
_aImplementación de paquete tecnológico para el mejoramiento de la producción de cebada maltera en el municipio de Villa de Arriaga, S. L. P. / _cMaría de los Ángeles Castillo Herrera y Luis Enrique Zavala Castro |
| 264 |
_aChapingo, México : _bEl autor, _c2017 |
||
| 300 |
_aix, 58 hojas : _bilustraciones, gráficas, diagramas, tablas, fotos + _e1 CD-ROM |
||
| 336 |
_2rdacontent _atexto _btxt |
||
| 337 |
_2rdamedia _ano mediado _bn |
||
| 338 |
_2rdacarrier _avolumen _bnc |
||
| 500 | _aEl CD contiene reporte y artículo | ||
| 502 |
_aFormulación y Evaluación de Proyectos _b(Ingeniero Agroindustrial) -- _cUACh. Departamento de Ingeniería Agroindustrial, _d2017 |
||
| 504 | _aBibliografía: hojas 46-48 | ||
| 520 | 3 | _aLa producción de cebada en México ha aumentado en los últimos años, de tal forma que actualmente ocupa el quinto lugar en la producción nacional de granos, después del maíz, sorgo, trigo y frijol, por lo que la implementación de los paquetes tecnológicos, en el municipio de Villa de Arriaga, S.L.P., permitió dar un gran paso en el desarrollo del sistema producto cebada, ya que permite beneficiar tanto a pequeños productores como a los grandes. Con la intervención de Gobierno Municipal, Gobierno Estatal y Gobierno Federal, así como la empresa privada Grupo Modelo, se lograron entregar 9,384 hectáreas, beneficiando a 1 047 productores con una inversión de 34.2 millones de pesos. Con esto se logró el incremento de la producción en un 53% y además de que se asegurar la venta de la cosecha al poder contar con un comprador directo bajo la modalidad de agricultura por contrato y la fijación de un precio de $ 4.50 por kilogramo, en general. Y además de que en esta forma se evitó en gran medida el coyotaje. | |
| 520 | 3 | _aThe production of barley in Mexico has increased in the last years, of such form that at present occupies the fifth place in the national production of grains, after the corn, sorgo, wheat and bean, by what the implementation of the technological packages, in the municipality of Villa of Arriaga, S.L.P., It allowed to give a big step in the development of the system product barley, since it allows to benefit so much to small producers as to the big. With the intervention of Municipal Government, State Government and Federal Government, as well as the private company Group Model, attained deliver 9,384 hectares, Benefiting to 1 047 producers with an investment of 34.2 million weights. With this attained the increase of the production in 53% and in addition to that ensure the sale of the harvest when can have a direct buyer under the modality of agriculture by agreement and the fixation of a price of $ 4.50 by kilogram, in general. And in addition to that in this form avoided to a large extent the coyotaje. | |
| 650 | 1 | 3 |
_aCebada cervecera _xCultivos _2atg |
| 650 | 1 | 3 |
_aCebada cervecera _xProducción _zMéxico _zSan Luis Potosí _2atg |
| 650 | 1 | 3 |
_aAdopción de innovaciones _2atg |
| 650 | 1 | 3 |
_aMalting barley _xCrops _2atg |
| 650 | 1 | 3 |
_aMalting barley _xProduction _zMexico _zSan Luis Potosí _2atg |
| 650 | 1 | 3 |
_aInnovation adoption _2atg |
| 700 | 1 |
_aZavala Castro, Luis Enrique _eautor |
|
| 700 | 1 |
_aEspejel Zaragoza, José Alfredo _edirector |
|
| 700 | 1 |
_aReyna Izaguirre, Diana América _easesor |
|
| 700 | 1 |
_aMartínez Mosqueda, Francisco _easesor |
|
| 856 | 4 | 1 |
_uhttp://10.13.5.2/tesis/sist114541.pdf _yDESCARGAR PDF |
| 901 | _aTESIS C37 2017 | ||
| 902 | _aM | ||
| 905 | _a5232272017 mx dnml8223123322spa16 | ||
| 942 |
_cTESIS _2Clasificación Universidad Autónoma Chapingo |
||
| 999 |
_c209696 _d209696 |
||